Sója a jej využitie pri výrobe mäsových výrobkov
Guardado en:
| Autor principal: | |
|---|---|
| Otros Autores: | |
| Formato: | Manuscrito Libro |
| Lenguaje: | eslovaco |
| Publicado: |
2016
|
| Materias: | |
| Acceso en línea: | http://is.stuba.sk/zp/portal_zp.pl?podrobnosti=132827 |
| Etiquetas: |
Sin Etiquetas, Sea el primero en etiquetar este registro!
|
MARC
| LEADER | 00000ntm a22000003a 4500 | ||
|---|---|---|---|
| 001 | stuzp58399 | ||
| 003 | SK-STU | ||
| 005 | 20160719155544.2 | ||
| 007 | ta | ||
| 008 | 150427s2015----xo-----f-mn---000-0-slo-d | ||
| 040 | |a STU |b slo | ||
| 041 | 0 | |a slo | |
| 100 | 1 | |a Lüleyová, Simona |u 040200 |4 aut |U FCHPT Fakulta chemickej a potravinárskej technológie |T FCHPT Ústav potravinárstva a výživy |X 61526 |U C020 |Y 684 |7 61526 | |
| 242 | 0 | 1 | |a Soya and its use in production of meat products. |y eng |
| 245 | 1 | 0 | |a Sója a jej využitie pri výrobe mäsových výrobkov |
| 260 | |c 2016 | ||
| 650 | 4 | |a sója |2 slo | |
| 650 | 4 | |a sójové bielkoviny |2 slo | |
| 650 | 4 | |a mäsové výrobky |2 slo | |
| 650 | 4 | |a soya |2 eng | |
| 650 | 4 | |a soy proteins |2 eng | |
| 650 | 4 | |a meat products |2 eng | |
| 700 | 1 | |a Staruch, Ladislav |u 040250 |k Z1 |4 ths |U FCHPT Ústav potravinárstva a výživy |T FCHPT Oddelenie potravinárskej technológie |X 4142 |U C0250 |Y 685 |7 A000004142 | |
| 856 | 4 | |u http://is.stuba.sk/zp/portal_zp.pl?podrobnosti=132827 | |
| SQL | |a stuzp58399 |b DBP |c SLO |d Sója a jej využitie pri výrobe mäsových výrobkov |e 61526 |f Lüleyová, Simona |g 040200 |h 4142 |i Staruch, Ladislav |j 20160714 |k 1785 |l 04 |m http://is.stuba.sk/zp/portal_zp.pl?podrobnosti=132827 |n B-VYKOZ |o 5.2.24. potravinárstvo | ||